Probings into India's distant past: (Record no. 1238337)

MARC details
000 -LEADER
fixed length control field 00718nam a22002417a 4500
005 - DATE AND TIME OF LATEST TRANSACTION
control field 20250204112132.0
008 - FIXED-LENGTH DATA ELEMENTS--GENERAL INFORMATION
fixed length control field 250203b |||||||| |||| 00| 0 eng d
020 ## - INTERNATIONAL STANDARD BOOK NUMBER
International Standard Book Number 978-93-83221-56-1
037 ## - SOURCE OF ACQUISITION
Terms of availability TB
040 ## - CATALOGING SOURCE
Original cataloging agency AL
Transcribing agency AL
041 ## - LANGUAGE CODE
Source of code eng
Language code of text/sound track or separate title eng
084 ## - COLON CLASSIFICATION NUMBER
Classification number V2 R4
Assigning agency AL
100 ## - MAIN ENTRY--PERSONAL NAME
Personal name Chaturvedi, Heramb
9 (RLIN) 400633
245 ## - TITLE STATEMENT
Title Probings into India's distant past:
Remainder of title Myth, History and belief
260 ## - PUBLICATION, DISTRIBUTION, ETC.
Place of publication, distribution, etc. Delhi, India:
Name of publisher, distributor, etc. Sharada Publishing House,
Date of publication, distribution, etc. 2024.
300 ## - PHYSICAL DESCRIPTION
Extent xii,156p.
365 ## - TRADE PRICE
Price amount 2850.00
Currency code INR
546 ## - LANGUAGE NOTE
Language note eng
650 ## - SUBJECT ADDED ENTRY--TOPICAL TERM
Topical term or geographic name entry element India
650 ## - SUBJECT ADDED ENTRY--TOPICAL TERM
Topical term or geographic name entry element History
942 ## - ADDED ENTRY ELEMENTS (KOHA)
Source of classification or shelving scheme Colon Classification (CC)
Koha item type Textbook
Classification part V2 R4
Suppress in OPAC No
Holdings
Withdrawn status Lost status Source of classification or shelving scheme Damaged status Not for loan Home library Current library Date acquired Total Checkouts Full call number Barcode Date last seen Price effective from Koha item type
    Colon Classification (CC)     Arts Library Arts Library 2025-02-03   V2 R4 AL1804000 2025-02-03 2025-02-03 Textbook
Copyright @ Delhi University Library System